000 00468nam a22001937a 4500
003 MPLRDC
005 20220104124619.0
008 210129b ||||| |||| 00| 0 eng d
020 _a981-01-3015-5
082 _a859.6 ZGTS v.1
100 _a无名氏著
245 _a绿牡丹
_c
250 _a初版
260 _a
_b联邦出版社
_c1992
300 _b
490 _a中国通俗小说精选
650 _a儿童通俗小说
942 _cBK
_o859.6 ZGTS v.1
999 _c20745
_d20735